Econometrics (Record no. 3484)

000 -LEADER
fixed length control field 00504nam a22002057a 4500
001 - CONTROL NUMBER
control field 3484
003 - CONTROL NUMBER IDENTIFIER
control field BD-DhUET
008 - FIXED-LENGTH DATA ELEMENTS--GENERAL INFORMATION
fixed length control field 141101b xxu||||| |||| 00| 0 eng d
020 ## - INTERNATIONAL STANDARD BOOK NUMBER
International Standard Book Number 0070854645
040 ## - CATALOGING SOURCE
Original cataloging agency 0
Transcribing agency 0
Modifying agency BD-DhUET
082 ## - DEWEY DECIMAL CLASSIFICATION NUMBER
Classification number 330.015195
Item number MAD/1977
100 ## - MAIN ENTRY--PERSONAL NAME
Personal name Maddala, G. S.
245 ## - TITLE STATEMENT
Title Econometrics
Statement of responsibility, etc. by G. S. Maddala
250 ## - EDITION STATEMENT
Edition statement Ist ed.
260 ## - PUBLICATION, DISTRIBUTION, ETC. (IMPRINT)
Place of publication, distribution, etc. Auckland
Name of publisher, distributor, etc. McGraw-Hill
Date of publication, distribution, etc. 1977
300 ## - PHYSICAL DESCRIPTION
Extent xii,516p.
Other physical details ill.
490 ## - SERIES STATEMENT
Series statement Economics series
650 #0 - SUBJECT ADDED ENTRY--TOPICAL TERM
Topical term or geographic name as entry element Econometrics
942 ## - ADDED ENTRY ELEMENTS (KOHA)
Koha item type General Book
Holdings
Withdrawn status Price effective from Koha item type Koha date last seen Koha full call number Koha normalized classification for sorting Damaged status Not for loan Location (home branch) Lost status Shelving location Copy number Date acquired Source of classification or shelving scheme Sublocation or collection (holding branch) Piece designation (barcode)
 2014-11-01General Book2014-11-01330.015195/MAD/1977330_000000000000000_015195MAD1  Central Library, BUET Circulation section12014-11-01 Central Library, BUET92996
 2014-11-01General Book2014-11-01330.015195/MAD/1977330_000000000000000_015195MAD1  Central Library, BUET Circulation section22014-11-01 Central Library, BUET92997
 2015-06-09General Book2015-06-09330.015195/MAD/1977330_015195000000000_MAD_1977  Central Library, BUET Reading section32015-06-09 Central Library, BUET92994
 2015-06-09Reading Item2015-06-09330.015195/MAD/1977330_015195000000000_MAD_1977  Central Library, BUET Reading section42015-06-09 Central Library, BUET92995